| 000 | 00568nam a2200217Ia 4500 | ||
|---|---|---|---|
| 008 | 170203s9999 xx 000 0 und d | ||
| 020 | _a2764103700 | ||
| 050 | _aFic | ||
| 050 | _bB915r | ||
| 100 | _aBryant, Robyn. | ||
| 245 | _aKissy squish / | ||
| 245 | _cWritten by Robyn Bryant ; illustrations: Éric Plouffe. | ||
| 260 | _aMontreal : | ||
| 260 | _bTormont Publications, | ||
| 260 | _c1997 | ||
| 300 | _a10 unnumbered pages : | ||
| 300 | _billustrations ; | ||
| 300 | _c14 x 21 cm | ||
| 650 | _aLivres-jeux. | ||
| 650 | _aToy and movable books. | ||
| 999 |
_c306442 _d306442 |
||